000 00567nam a2200217 a 4500
001 50434
003 BD-RjUL
005 20211209075516.0
008 160827m19521911enka 001 0 eng d
035 _a(BD-RjUL)50554
040 _aFHM
_dOCL
_beng
_cBD-RjUL
041 _aeng
082 _223
_a409
_bPES 1952
100 1 _aPei, Mario
_9151125
245 1 4 _aThe story of language /
_cMario Pei
260 _aLondon :
_bGeorge Allen & Unwin,
_c1952.
300 _a493 p. ;
_c22 cm.
500 _aindex
650 0 _aLanguage and languages.
_9151126
942 _2ddc
_cBK
999 _c50434
_d50434